书目信息 |
| 题名: |
数字图像处理
|
|
| 作者: | 左飞 著 | |
| 分册: | ||
| 出版信息: | 北京 电子工业出版社 2014 |
|
| 页数: | 559页, [4] 页图版 | |
| 开本: | 26cm | |
| 丛书名: | ||
| 单 册: | ||
| 中图分类: | TN911.73 , TN911 | |
| 科图分类: | ||
| 主题词: | 数字图象处理--Shu Zi Tu Xiang Chu Li--Matlab软件 | |
| 电子资源: | ||
| ISBN: | 978-7-121-24469-8 | |
| 000 | 01307nam0 2200265 450 | |
| 001 | 1674401694 | |
| 005 | 20161104161250.11 | |
| 010 | @a978-7-121-24469-8@dCNY89.00 | |
| 100 | @a20141117d2014 em y0chiy0120 ea | |
| 101 | 0 | @achi |
| 102 | @aCN@b110000 | |
| 105 | @aaf a 000yy | |
| 106 | @ar | |
| 200 | 1 | @a数字图像处理@AShu Zi Tu Xiang Chu Li@e原理与实践@eMATLAB版@f左飞著 |
| 210 | @a北京@c电子工业出版社@d2014 | |
| 215 | @a559页, [4] 页图版@c图 (部分彩图)@d26cm | |
| 320 | @a有书目 | |
| 330 | @a本书全面系统地介绍了数字图像处理技术的理论与方法,内容涉及几何变换、灰度变换、图像增强、图像分割、图像去噪、小波变换、形态学处理、多尺度融合、偏微分方程应用、正交变换与图像压缩、边缘及轮廓检测、图像复原、图像去雾、多尺度空间构建与特征匹配等15大核心话题。工欲善其事,必先利其器,本书所有算法均配有完整的MATLAB实现代码,并以此为基础详细介绍了MATLAB中与图像处理有关的近200个函数的使用方法,便于读者学习与实践。此外,本书还提供了丰富的在线支持资源,方便为读者答疑解惑及提供辅助资料下载。 | |
| 333 | @a既可作为大专院校相关专业在校师生或工程技术人员的参考书,亦可作为图像处理研究爱好者之自学教程。 | |
| 606 | 0 | @a数字图象处理@AShu Zi Tu Xiang Chu Li@xMatlab软件 |
| 690 | @aTN911.73@v5 | |
| 690 | @aTN911@v4 | |
| 701 | 0 | @a左飞@AZuo Fei@4著 |
| 801 | 0 | @aCN@b江苏新华@c20150511 |
| 905 | @aBZT@dTN911@e5 | |
| 数字图像处理:原理与实践:MATLAB版/左飞著.-北京:电子工业出版社,2014 |
| 559页, [4] 页图版:图 (部分彩图);26cm |
| 使用对象:既可作为大专院校相关专业在校师生或工程技术人员的参考书,亦可作为图像处理研究爱好者之自学教程。 |
| ISBN 978-7-121-24469-8:CNY89.00 |
| 本书全面系统地介绍了数字图像处理技术的理论与方法,内容涉及几何变换、灰度变换、图像增强、图像分割、图像去噪、小波变换、形态学处理、多尺度融合、偏微分方程应用、正交变换与图像压缩、边缘及轮廓检测、图像复原、图像去雾、多尺度空间构建与特征匹配等15大核心话题。工欲善其事,必先利其器,本书所有算法均配有完整的MATLAB实现代码,并以此为基础详细介绍了MATLAB中与图像处理有关的近200个函数的使用方法,便于读者学习与实践。此外,本书还提供了丰富的在线支持资源,方便为读者答疑解惑及提供辅助资料下载。 |
| ● |
| 相关链接 |
|
|
|
正题名:数字图像处理
索取号:TN911/5
 
预约/预借
| 序号 | 登录号 | 条形码 | 馆藏地/架位号 | 状态 | 备注 |
| 1 | 800606 | 2000800606 | 第二书库/ [索取号:TN911/5] | 在馆 | |
| 2 | 800607 | 2000800607 | 第二书库/ [索取号:TN911/5] | 在馆 | |
| 3 | 800608 | 2000800608 | 第二书库/ [索取号:TN911/5] | 在馆 |